00512nam a2200157Ia 4500008004100000020001500041041000800056082001600064245003500080250000600115260005200121300001100173650002600184999001900210952012500229210716s2003 xx 000 0 und d a8120320557 aeng a004.03 MICR aMicrosoft computer dictionary. a5 aNew DelhibPrentice Hall of India PVt Ltdc2003 aix,636 aComputer Fundamentals c186064d186064 001040708MCAaAIMITbAIMITeBook Worldg350.00l0o004.03 MICRpMCA05572r2025-07-21 00:00:00v297.50w2021-07-16yBK